01577cam a22004454i 4500003000900000005001700009008004100026035001900067035001900086040003300105082001800138245012900156264009200285300003900377336002100416337002500437338002300462490006400485500006400549505012200613526001000735526001000745526000900755526000900764526000900773526000900782526000900791526000900800526000900809526000800818526000800826526000800834526000800842526000800850650003500858651007100893651005800964700003201022710007701054PE-LiUPU20250731165551.0150625s r 000 0 d a(Sirsi) a34529 a(Sirsi) a34529 aPE-LiUPUbspacPE-LiUPUerda04a985.04bD22300aAsuntos Económicos :nVolumen 1.bInformes y oficios del tribunal del consulado /cedición y prólogo de Alberto Tauro. 1aLima :bComisión Nacional del Sesquicentenario de la Independencia del Perú,c1971. a465 páginas ;c24 centímetros. atext2rdacontent aunmediated2rdamedia avolume2rdacarrier0 aColección Documental de la Independencia del Perú ;v21 a"Año del sesquicentenario de la Independencia del Perú" aNuevo gobierno. Lima independiente -- Cupo de 150,000 pesos para el auxilio del estado -- Documentos complementarios. aSEG44 aSEG26 aP151 aP150 aP149 aP146 aP145 aP126 aP125 aP92 aP75 aP74 aP27 aP1504aTribunal del Consulado (Lima). 4aPerúxHistoriayEmancipación, 1808-1824xAspectos económicos 4aPerúxHistoriayEmancipación, 1808-1824vFuentes.1 aTauro, Alberto,d1914-1994.2 a.Comisión Nacional del Sesquicentenario de la Independencia del Perú